| 000 | 00633nam a2200229Ia 4500 | ||
|---|---|---|---|
| 005 | 20230515120558.0 | ||
| 008 | 131103s9999 xx 000 0 und d | ||
| 020 | _a0 571 08985 2 | ||
| 040 | _aLoreto College | ||
| 041 | _aEnglish | ||
| 082 |
_a823.91 _bJOY-BUR |
||
| 100 | _aBurgess, Anthony | ||
| 245 |
_aHere comes everybody _b An introduction to James Joyce for the ordinary reader _cAnthony Burgess |
||
| 260 |
_aLondon _bFaber _c1965 |
||
| 300 | _a276p. | ||
| 504 | _aIncludes index | ||
| 630 | _aJoyce, James - criticism | ||
| 650 | _aJoyce, James | ||
| 651 | _aEnglish fiction | ||
| 850 | _aLCLIB | ||
| 942 | _cBK | ||
| 999 |
_c22484 _d72963 |
||